LEADER 01544nam 2200433 450 001 000009317 005 20050718115300.0 010 $a88-02-03763-9 100 $a20020109d1982----km-y0itay0103----ba 101 0 $aita 102 $aIT 200 1 $aIndustrie agrarie$fMichele Vitagliano 205 $a2 ed. 210 $aTorino$cUTET$dc1982 215 $aXVI, 830 p.$d25 cm. 606 $aIndustria agricola 676 $a338.1$v(20. ed.)$9Produzione. Agricoltura 676 $a630$v(20. ed.)$9Agricoltura e tecnologie connesse 700 1$aVitagliano,$bMichele$070906 801 0$aIT$bUniversitą della Basilicata - B.I.A.$gRICA$2unimarc 912 $a000009317 996 $aIndustrie agrarie$977847 997 $aUNIBAS BAS $aMONAGR BAS $aMONOGR BAS $aAGRARIA CAT $aSTD006$b01$c20020109$lBAS01$h1656 CAT $aTORRE$b20$c20020304$lBAS01$h1234 CAT $aTORRE$b20$c20020429$lBAS01$h1339 CAT $aTORRE$b20$c20020429$lBAS01$h1347 CAT $aTORRE$b20$c20041223$lBAS01$h1742 CAT $c20050601$lBAS01$h1754 CAT $abatch$b01$c20050718$lBAS01$h1050 CAT $c20050718$lBAS01$h1109 CAT $c20050718$lBAS01$h1139 CAT $c20050718$lBAS01$h1153 FMT Z30 -1$lBAS01$LBAS01$mBOOK$1BASA2$APolo Tecnico-Scientifico$2DID$BDidattica$3PTS.s3.p20.6$671721$5A71721$820020109$f04$FPrestabile Didattica Z30 -1$lBAS01$LBAS01$mBOOK$1BASA2$APolo Tecnico-Scientifico$2DID$BDidattica$3PTS.s3.p20.6A$646635$5A46635$820020227$f04$FPrestabile Didattica LEADER 01053nam2 22002771i 450 001 UBO1246684 005 20231121125855.0 100 $a20180921d1893 ||||0itac50 ba 101 | $ager 102 $ade 181 1$6z01$ai $bxxxe 182 1$6z01$an 200 0 $a3$fFriedrich Hultsch 210 $aLeipzig$cS. Hirzel$d1893 215 $a100 p.$d30 cm. 461 1$1001UBO1246651$12001 $a˜Die œerzahlenden zeitformen bei Polybios$eein beitrag zur syntax der gemeingriechischen sprache$fvon Friedrich Hultsch$v3 606 $aPolibio$2FIR$3RMLC079662$9E 676 $a883.0109$9Narrativa e poesia epica in greco classico. Origini-500. Storia, descrizione, studi critici$v21 801 3$aIT$bIT-01$c20180921 850 $aIT-FR0017 899 $aBiblioteca umanistica Giorgio Aprea$bFR0017 $eN 912 $aUBO1246684 950 2$aBiblioteca umanistica Giorgio Aprea$d 52S.SIJ. LG3 Pol.Hul.3$e 52FLS0000219895 VMB RS $fC $h20180921$i20180921 977 $a 52 996 $a3$961479 997 $aUNICAS